[Event "BL 8990 Koblenz-Bayern"]
[Site "?"]
[Date "1990.??.??"]
[Round "?.7"]
[White "Schlosser, P."]
[Black "Weidemann, J."]
[Result "1/2-1/2"]
[WhiteElo "2475"]
[BlackElo "2300"]
[PlyCount "91"]
[EventDate "1990.??.??"]

1. d4 d6 2. Nf3 Bg4 3. c4 g6 4. Qb3 Qc8 5. g3 Bg7 6. Bg2 c6 7. Nbd2 Nf6 8. O-O
O-O 9. e4 a5 10. Re1 a4 11. Qa3 Qc7 12. h3 Bxf3 13. Nxf3 e5 14. Bg5 h6 15. Bd2
exd4 16. Nxd4 Nbd7 17. Rad1 Rfe8 18. Bf4 Ne5 19. Qc3 Nfd7 20. Qc2 Nc5 21. Be3
Kh7 22. Re2 Ned7 23. Red2 Nf6 24. f3 Ne6 25. Ne2 Red8 26. Nc3 a3 27. b3 Nh5 28.
Bf2 Be5 29. f4 Bf6 30. Bf3 Nhg7 31. Kg2 h5 32. h4 Be7 33. Be3 f5 34. Ne2 Bf8
35. Nd4 Qf7 36. Nxe6 Qxe6 37. Re2 Re8 38. Bd4 fxe4 39. Rxe4 Qf7 40. Bxg7 Kxg7
41. Rde1 Rxe4 42. Qxe4 Rd8 43. Qd4+ Kg8 44. Qa7 d5 45. cxd5 Rxd5 46. Qe3
1/2-1/2

[Event "BL 8990 Porz-München 36"]
[Site "?"]
[Date "1990.??.??"]
[Round "?.2"]
[White "Fleck, J."]
[Black "Ftacnik, L."]
[Result "1/2-1/2"]
[WhiteElo "2415"]
[BlackElo "2550"]
[PlyCount "83"]
[EventDate "1990.??.??"]

1. e4 c5 2. Nf3 d6 3. d4 cxd4 4. Nxd4 Nf6 5. Nc3 a6 6. Be3 e6 7. Be2 Be7 8. O-O
O-O 9. f4 Qc7 10. a4 Nc6 11. Kh1 Re8 12. Bf3 Rb8 13. Qd2 Bd7 14. Nb3 b6 15. g4
Bc8 16. g5 Nd7 17. Bg2 Na5 18. Qf2 Nxb3 19. cxb3 Nc5 20. b4 Nd3 21. Qh4 Qc4 22.
Rf3 d5 23. Rh3 h6 24. Qg3 d4 25. gxh6 g6 26. Bd2 Bxb4 27. Qxd3 Qxd3 28. Rxd3
dxc3 29. Bxc3 Bxc3 30. Rxc3 Bb7 31. Rd1 Red8 32. Rxd8+ Rxd8 33. Kg1 Rc8 34.
Rxc8+ Bxc8 35. Bf1 Kh7 36. Kf2 Kxh6 37. Be2 f6 38. Kg3 e5 39. fxe5 fxe5 40. Bc4
Bd7 41. Bxa6 Bxa4 42. Bb7 1/2-1/2

[Event "BL 8990 Porz-München 36"]
[Site "?"]
[Date "1990.??.??"]
[Round "?.3"]
[White "Bastian, H."]
[Black "Lutz, C."]
[Result "0-1"]
[WhiteElo "2340"]
[BlackElo "2410"]
[PlyCount "108"]
[EventDate "1990.??.??"]

1. e4 c5 2. Nc3 e6 3. g3 d5 4. Bg2 Nf6 5. e5 Nfd7 6. f4 Nc6 7. Nf3 Be7 8. O-O
Rb8 9. Kh1 b5 10. d4 b4 11. Ne2 Ba6 12. Re1 O-O 13. Be3 Bxe2 14. Rxe2 cxd4 15.
Nxd4 Nxd4 16. Bxd4 Bc5 17. Bxc5 Nxc5 18. Qd4 Qb6 19. b3 Nd7 20. Qxb6 Rxb6 21.
a4 Rc6 22. Rd1 Rfc8 23. Rdd2 Kf8 24. Kg1 Ke7 25. Kf1 Rc3 26. Ke1 a5 27. Kf2 Rg8
28. Re3 Rc7 29. Ke1 g5 30. Kd1 gxf4 31. gxf4 Rc3 32. Re1 Rg4 33. Rf2 Nc5 34.
Kd2 Rh4 35. Bh1 d4 36. Be4 Rhh3 37. f5 d3 38. f6+ Kd7 39. Kd1 dxc2+ 40. Bxc2
Nxb3 41. Rg1 Rhd3+ 42. Bxd3 Rc1+ 43. Ke2 Rxg1 44. Bb5+ Kd8 45. Kd3 Nc5+ 46. Kd4
Rc1 47. Rg2 b3 48. Bc4 Rc2 49. Rg8+ Kc7 50. Rg7 Kb6 51. Rg1 b2 52. Rb1 Nxa4 53.
h3 Rd2+ 54. Ke3 Nc3 0-1

[Event "BL 8990 Porz-München 36"]
[Site "?"]
[Date "1990.??.??"]
[Round "?.4"]
[White "Ostermeyer, P."]
[Black "Pichler, J."]
[Result "1/2-1/2"]
[WhiteElo "2465"]
[BlackElo "2325"]
[PlyCount "104"]
[EventDate "1990.??.??"]

1. e4 e6 2. d4 d5 3. exd5 exd5 4. Bd3 c5 5. Nf3 Nf6 6. O-O Be7 7. dxc5 O-O 8.
Be3 Qc7 9. b4 a5 10. c3 Ng4 11. Bd4 axb4 12. h3 b3 13. Qxb3 Nf6 14. Qb6 Qxb6
15. cxb6 Nc6 16. Be3 Nd7 17. Nbd2 Bc5 18. Rfb1 Bxe3 19. fxe3 Nc5 20. Bb5 Bf5
21. Rb2 Na5 22. Rd1 Rfc8 23. Nd4 Bg6 24. Ne2 Nd3 25. Bxd3 Bxd3 26. Nf4 Be4 27.
Nxe4 dxe4 28. Nd5 Rc5 29. Nc7 Rf8 30. Rb5 Rxb5 31. Nxb5 Nc4 32. Rd7 Nxb6 33.
Rxb7 Nc4 34. Kf2 g6 35. Rc7 Ne5 36. Nd6 f5 37. a4 Ra8 38. Rc8+ Rxc8 39. Nxc8
Nc4 40. Ne7+ Kf7 41. Nc6 Ke6 42. Ke2 Kd5 43. Nd4 Na5 44. g4 fxg4 45. hxg4 h5
46. gxh5 gxh5 47. Nf5 Nc4 48. Nh4 Kd6 49. Ng2 Kc6 50. Kf2 Nb2 51. a5 Nd1+ 52.
Kg3 Nxc3 1/2-1/2

[Event "BL 8990 Porz-München 36"]
[Site "?"]
[Date "1990.??.??"]
[Round "?.5"]
[White "Goetz, R."]
[Black "Jackelen, T."]
[Result "1/2-1/2"]
[WhiteElo "2315"]
[BlackElo "2355"]
[PlyCount "122"]
[EventDate "1990.??.??"]

1. e4 e6 2. d4 d5 3. Nd2 Nf6 4. e5 Nfd7 5. c3 c5 6. Bd3 Nc6 7. Ne2 f6 8. Nf4
Qe7 9. exf6 Nxf6 10. Nf3 cxd4 11. cxd4 Qb4+ 12. Qd2 Ne4 13. Qxb4 Bxb4+ 14. Kf1
O-O 15. h4 Ba5 16. Be3 Bb6 17. Rd1 Bd7 18. g3 Nxg3+ 19. fxg3 e5 20. Be2 exf4
21. Bxf4 Rae8 22. Ne5 Nxe5 23. dxe5 h6 24. h5 Be3 25. Rh4 Bxf4 26. gxf4 Rxe5
27. Bf3 Re7 28. Bxd5+ Kh7 29. Re1 Bb5+ 30. Kf2 Rxe1 31. Kxe1 Re8+ 32. Kf2 Re2+
33. Kf3 Rxb2 34. Be4+ Kh8 35. Rh1 Rxa2 36. Rc1 Ra3+ 37. Kf2 Bc6 38. Bxc6 bxc6
39. Rxc6 Ra5 40. Kg3 Rxh5 41. Ra6 Kh7 42. Rxa7 Rb5 43. Ra6 Rb1 44. Rc6 Rg1+ 45.
Kh4 Rg6 46. Rc5 Rb6 47. Kg4 Kg6 48. Ra5 Rf6 49. Rb5 h5+ 50. Kg3 Rf5 51. Rb6+
Kh7 52. Rb7 Ra5 53. Rc7 Kg6 54. Rb7 Ra3+ 55. Kh4 Rf3 56. Rb6+ Kf5 57. Rb5+ Kxf4
58. Kxh5 Rh3+ 59. Kg6 Rg3+ 60. Kh5 g6+ 61. Kh6 g5 1/2-1/2

[Event "BL 8990 Porz-München 36"]
[Site "?"]
[Date "1990.??.??"]
[Round "?.6"]
[White "Schmidt, B."]
[Black "Roese, O."]
[Result "0-1"]
[WhiteElo "2315"]
[BlackElo "2345"]
[PlyCount "92"]
[EventDate "1990.??.??"]

1. Nf3 Nf6 2. g3 g6 3. b3 Bg7 4. Bb2 O-O 5. Bg2 d5 6. c4 dxc4 7. bxc4 c5 8. O-O
Nc6 9. d3 Rb8 10. Nbd2 Qc7 11. Rb1 Rd8 12. Qa4 b6 13. Rfe1 e5 14. Ng5 Bd7 15.
Nge4 Nd4 16. Qd1 Ne8 17. Nc3 Bc6 18. Nd5 Qd7 19. e3 Ne6 20. Ne4 Bxd5 21. cxd5
N6c7 22. Nc3 Nd6 23. Qe2 b5 24. Rec1 a6 25. h4 Na8 26. Ne4 Nxe4 27. Bxe4 Rdc8
28. Bf3 Nb6 29. e4 Qd6 30. Bg4 Rc7 31. Bc3 Bh6 32. Rc2 b4 33. Ba1 a5 34. h5 Re7
35. Kg2 Rf8 36. hxg6 hxg6 37. Bb2 f5 38. Rh1 Bg5 39. f4 Bf6 40. d4 exd4 41. e5
Bxe5 42. fxe5 Rxe5 43. Qb5 fxg4 44. Rh4 Qxd5+ 45. Kh2 Re1 46. Rg2 Rff1 0-1

[Event "BL 8990 Porz-München 36"]
[Site "?"]
[Date "1990.??.??"]
[Round "?.8"]
[White "Dresen, U."]
[Black "Koepf, U."]
[Result "0-1"]
[WhiteElo "2280"]
[BlackElo "2260"]
[PlyCount "104"]
[EventDate "1990.??.??"]

1. Nf3 Nf6 2. d4 e6 3. Bf4 b6 4. e3 Bb7 5. Nbd2 d6 6. Bd3 g6 7. Qe2 Nbd7 8.
O-O-O Qe7 9. Ba6 O-O-O 10. Nb3 Nb8 11. Bxb7+ Kxb7 12. e4 h6 13. h4 Bg7 14. Rhe1
Qd7 15. Kb1 Qa4 16. Ng1 Nc6 17. c3 Ne7 18. Qf3 Qc6 19. Bc1 Rdf8 20. Nh3 d5 21.
e5 Nd7 22. Nf4 a5 23. Nd2 Ra8 24. Nd3 Rhf8 25. Nf1 a4 26. Bd2 Qb5 27. Qe2 c6
28. Ne3 Ka7 29. h5 g5 30. f4 f5 31. exf6 Nxf6 32. fxg5 hxg5 33. Nc2 Ne4 34. Na3
Qa6 35. Be3 Nf5 36. g4 Nxe3 37. Qxe3 Rf7 38. Nb4 Qb7 39. Rf1 Raf8 40. Rxf7 Rxf7
41. c4 Bf8 42. Nac2 Bd6 43. Nd3 Qe7 44. Ne5 Bxe5 45. dxe5 Kb7 46. Nd4 Rf4 47.
cxd5 exd5 48. e6 c5 49. Ne2 Rxg4 50. Rxd5 Qxe6 51. Qd3 Rg2 52. Rd8 Rxe2 0-1

[Event "BL 8990 Regensburg-Heidelberg"]
[Site "?"]
[Date "1990.??.??"]
[Round "?.1"]
[White "Ostl, A."]
[Black "Meduna, E."]
[Result "0-1"]
[WhiteElo "2335"]
[BlackElo "2475"]
[PlyCount "68"]
[EventDate "1990.??.??"]

1. Nf3 Nf6 2. d4 d5 3. c4 c6 4. Nc3 dxc4 5. a4 Bf5 6. e3 e6 7. Bxc4 Nbd7 8. O-O
Bb4 9. Qe2 O-O 10. e4 Bg6 11. e5 Nd5 12. Nxd5 cxd5 13. Bd3 Be7 14. Bxg6 fxg6
15. g3 Nb8 16. h4 Nc6 17. Kg2 Rc8 18. Bd2 a6 19. Qd3 Qe8 20. Rfc1 Qf7 21. Bc3
h6 22. Qe2 Rc7 23. Ba5 Rcc8 24. Bb6 Qf5 25. Ne1 g5 26. hxg5 hxg5 27. f3 Bd8 28.
Bc5 Rf7 29. Nc2 g4 30. fxg4 Qg6 31. b4 b6 32. Bd6 Bg5 33. Rf1 Nxe5 34. Qxe5
Rxc2+ 0-1

[Event "BL 8990 Regensburg-Heidelberg"]
[Site "?"]
[Date "1990.??.??"]
[Round "?.2"]
[White "Gross, S."]
[Black "Mack, P."]
[Result "1-0"]
[WhiteElo "2435"]
[BlackElo "2305"]
[PlyCount "161"]
[EventDate "1990.??.??"]

1. e4 c6 2. c4 d5 3. exd5 cxd5 4. cxd5 Nf6 5. Bb5+ Nbd7 6. Nc3 a6 7. Bxd7+ Qxd7
8. Qb3 b5 9. Nf3 Bb7 10. Ne5 Qd6 11. Nc4 bxc4 12. Qxb7 Rb8 13. Qa7 Qb6 14. Qxb6
Rxb6 15. O-O Rd6 16. b3 Nxd5 17. Nxd5 Rxd5 18. bxc4 Rd4 19. Rb1 Rxc4 20. Rb8+
Kd7 21. Ba3 Rc8 22. Rfb1 e5 23. R1b7+ Kd8 24. Bb2 f6 25. Kf1 Rg8 26. Bc3 Rxb8
27. Rxb8+ Ke7 28. Ra8 Kf7 29. Rxa6 Bc5 30. Ke2 Rb8 31. Rc6 Bb4 32. Rc7+ Kg6 33.
a4 Bd6 34. Rc6 Bf8 35. a5 Kf7 36. Kd3 Ke7 37. Rc7+ Kd6 38. Rc4 Kd5 39. f3 Bc5
40. Rh4 h6 41. Ra4 Ra8 42. Ra1 Ra6 43. g4 g6 44. Rb1 f5 45. Rb7 e4+ 46. fxe4+
fxe4+ 47. Ke2 Kc4 48. Rh7 g5 49. Rc7 Re6 50. Rc8 Kb5 51. Rh8 Bd6 52. h3 Bf4 53.
Rh7 Kc4 54. Rb7 Bd6 55. Rb6 e3 56. dxe3 Kxc3 57. Rc6+ Kb4 58. a6 Kb5 59. a7
Kxc6 60. a8=Q+ Kd7 61. Kd3 Bc5 62. Qb7+ Kd6 63. e4 Bg1 64. Qc8 Bb6 65. Qf8+ Ke5
66. Qf5+ Kd6 67. Qd5+ Ke7 68. Kc4 Bc7 69. Qc5+ Kd7 70. Qf5 Kd6 71. Qh7 Bd8 72.
Qb7 Bc7 73. Kd4 Kd7 74. Qb5+ Kd6 75. Qb4+ Kc6 76. Qc5+ Kd7 77. Qf5 Ke7 78. Qh7+
Kd8 79. Qg8+ Kd7 80. Qf7+ Re7 81. Qf5+ 1-0

[Event "BL 8990 Regensburg-Heidelberg"]
[Site "?"]
[Date "1990.??.??"]
[Round "?.3"]
[White "Steinbacher, M."]
[Black "Speckner, R."]
[Result "1-0"]
[WhiteElo "2325"]
[BlackElo "2235"]
[PlyCount "78"]
[EventDate "1990.??.??"]

1. e4 g6 2. d4 d6 3. Nc3 Bg7 4. Nf3 Nf6 5. Be2 O-O 6. O-O Bg4 7. h3 Bxf3 8.
Bxf3 e5 9. dxe5 dxe5 10. Bg5 c6 11. Qxd8 Rxd8 12. Rfd1 Na6 13. Rxd8+ Rxd8 14.
Rd1 Rxd1+ 15. Bxd1 Ne8 16. Be3 b6 17. a3 Nd6 18. Be2 Nc7 19. Na2 Bf8 20. Nb4
Nxe4 21. Nxc6 Nd5 22. Bd3 Nxe3 23. fxe3 Nd6 24. Ba6 Nf5 25. Nxe5 Nxe3 26. c3
Bd6 27. Nc6 Nd1 28. b4 Nxc3 29. Nxa7 Kg7 30. Nc6 f5 31. Kf2 f4 32. Bd3 Kf6 33.
Ke1 Kg5 34. Kd2 Nd5 35. Ke2 h5 36. Kf3 Nc3 37. Nd4 Kf6 38. h4 Nd5 39. Ne2 Kg7 {
ZÜ} 1-0

[Event "BL 8990 Regensburg-Heidelberg"]
[Site "?"]
[Date "1990.??.??"]
[Round "?.4"]
[White "Mandl, Ro"]
[Black "Neurohr, S."]
[Result "1/2-1/2"]
[WhiteElo "2285"]
[BlackElo "2325"]
[PlyCount "103"]
[EventDate "1990.??.??"]

1. c4 Nf6 2. Nf3 g6 3. g3 Bg7 4. Bg2 O-O 5. O-O d5 6. d4 dxc4 7. Na3 c3 8. bxc3
c5 9. e3 Nc6 10. Qe2 Qa5 11. Bb2 Bf5 12. Rfc1 Be4 13. Nc4 Qa6 14. Bf1 Rfd8 15.
Ncd2 Qxe2 16. Bxe2 Rac8 17. Ng5 Bf5 18. Bc4 Rf8 19. e4 Bh6 20. exf5 Bxg5 21. f4
Bh6 22. fxg6 hxg6 23. Nf3 Rfd8 24. Re1 e6 25. Rad1 Bf8 26. Kg2 Na5 27. Bd3 c4
28. Bc2 b5 29. Ne5 Nd5 30. a3 Nc6 31. h4 Nxe5 32. dxe5 a5 33. Kf3 Rd7 34. Be4
Rcd8 35. Ke2 Bxa3 36. Bxd5 Bxb2 37. Bc6 Rxd1 38. Rxd1 Rxd1 39. Kxd1 b4 40. cxb4
axb4 41. Bb5 Bd4 42. Ke2 c3 43. Ba4 Kf8 44. Kf3 Ke7 45. g4 Kf8 46. h5 gxh5 47.
gxh5 Kg7 48. Ke4 Bg1 49. f5 Kh6 50. fxe6 fxe6 51. Bb3 Kg5 52. h6 1/2-1/2

[Event "BL 8990 Regensburg-Heidelberg"]
[Site "?"]
[Date "1990.??.??"]
[Round "?.6"]
[White "Jell, K."]
[Black "Pirrot, D."]
[Result "1/2-1/2"]
[WhiteElo "2240"]
[BlackElo "2355"]
[PlyCount "71"]
[EventDate "1990.??.??"]

1. e4 c5 2. Nf3 Nc6 3. d4 cxd4 4. Nxd4 g6 5. Nc3 Bg7 6. Be3 Nf6 7. Be2 O-O 8.
Nb3 d6 9. g4 Ne5 10. g5 Nfd7 11. f4 Nc6 12. h4 a5 13. a4 Nb4 14. h5 Nb6 15. Bd3
Be6 16. Nd4 Nc4 17. Bxc4 Bxc4 18. hxg6 fxg6 19. f5 Bxd4 20. Bxd4 e5 21. Be3 d5
22. Qd2 d4 23. Qh2 Qe7 24. fxg6 dxe3 25. O-O-O e2 26. Nxe2 Bxe2 27. Qxe2 hxg6
28. Qg4 Rad8 29. Rxd8 Rxd8 30. Qh3 Qxg5+ 31. Kb1 Kf7 32. Rf1+ Kg7 33. Qe6 Rf8
34. Qd7+ Kg8 35. Qe6+ Kg7 36. Qd7+ 1/2-1/2

[Event "BL 8990 Regensburg-Heidelberg"]
[Site "?"]
[Date "1990.??.??"]
[Round "?.7"]
[White "Zuse, P."]
[Black "Schmid, G."]
[Result "1/2-1/2"]
[WhiteElo "2305"]
[BlackElo "2315"]
[PlyCount "146"]
[EventDate "1990.??.??"]

1. e4 c5 2. Nf3 Nc6 3. d4 cxd4 4. Nxd4 Nf6 5. Nc3 e5 6. Ndb5 d6 7. Bg5 a6 8.
Na3 b5 9. Nd5 Be7 10. Bxf6 Bxf6 11. c3 O-O 12. Nc2 Rb8 13. Be2 Bg5 14. O-O a5
15. Qd3 Ne7 16. Rad1 Nxd5 17. Qxd5 Bb7 18. Qd3 Bc6 19. Bf3 Be7 20. Ne3 g6 21.
Rd2 Qb6 22. Rfd1 Qb7 23. Qb1 Kh8 24. Nd5 Bg5 25. Rd3 f5 26. Qc2 Rf7 27. g3 Rbf8
28. Rf1 Bd8 29. Rd2 Bb6 30. Nxb6 fxe4 31. Bg2 e3 32. fxe3 Rxf1+ 33. Bxf1 Qxb6
34. Qd3 Qa7 35. Bg2 Bxg2 36. Rxg2 Qf7 37. Qxb5 Qxa2 38. Rf2 Qb1+ 39. Rf1 Rxf1+
40. Qxf1 Qf5 41. e4 Qc8 42. Qf6+ Kg8 43. Qxd6 Qg4 44. Qd3 Qg5 45. Kg2 Qc1 46.
Qd5+ Kf8 47. Qc5+ Kf7 48. Qf2+ Ke6 49. h4 a4 50. Qb6+ Kd7 51. Qb5+ Ke6 52. Qe2
Kd6 53. Kf2 h5 54. Kf3 Ke7 55. Qf2 Ke8 56. Kg2 Qd1 57. Kh2 Qd3 58. Qg2 Ke7 59.
Kg1 Kd6 60. Kh2 Kc6 61. Kh3 Kb5 62. Qh1 Qd7+ 63. Kh2 Qd2+ 64. Kh3 Qxb2 65. Qf1+
Kc5 66. Qd1 Qb3 67. Qd7 Kc4 68. Qd5+ Kxc3 69. Qxe5+ Kd3 70. Qd6+ Ke2 71. e5 Qb7
72. Kh2 Qb2 73. Kh3 Qb7 1/2-1/2

[Event "BL 8990 Regensburg-Heidelberg"]
[Site "?"]
[Date "1990.??.??"]
[Round "?.8"]
[White "Muehl, T."]
[Black "Weber, M."]
[Result "0-1"]
[WhiteElo "2280"]
[BlackElo "2305"]
[PlyCount "138"]
[EventDate "1990.??.??"]

1. Nf3 c5 2. g3 Nc6 3. Bg2 g6 4. O-O Bg7 5. d3 d5 6. Nbd2 e6 7. e4 Nge7 8. Qe2
b6 9. Re1 Ba6 10. a3 dxe4 11. Nxe4 O-O 12. Bg5 f6 13. Bd2 Rc8 14. Bh3 Nf5 15.
Bc3 Kh8 16. Ned2 Re8 17. Nb3 Qd7 18. Qe4 Bb7 19. Qe2 e5 20. Bg2 Ncd4 21. Bxd4
cxd4 22. Rf1 Rc7 23. Ne1 Bxg2 24. Kxg2 Nd6 25. h4 Qc6+ 26. Qf3 Qxf3+ 27. Kxf3
f5 28. Rd1 Kg8 29. Kg2 Rd7 30. Nf3 Nb5 31. a4 Nc7 32. Rfe1 Rde7 33. Re2 Nd5 34.
h5 Kf8 35. a5 Nb4 36. Ra1 b5 37. Rh1 Rc8 38. Na1 e4 39. Nxd4 Bxd4 40. c3 Nxd3
41. cxd4 g5 42. Nb3 f4 43. Rd2 f3+ 44. Kh3 Kg7 45. Kg4 h6 46. Rhd1 Rc4 47. Kf5
Rc6 48. Kg4 Rc4 49. Kf5 Rb4 50. Nc5 Rf7+ 51. Ke6 Nxf2 52. Rxf2 e3 53. Rc2 e2
54. Re1 f2 55. Rcxe2 fxe1=Q 56. Rxe1 Rxd4 57. Ke5 Rd2 58. Ne6+ Kh7 59. Rc1 Re2+
60. Kd6 Rd2+ 61. Ke5 Re2+ 62. Kd6 Rxb2 63. Rc8 Rd2+ 64. Ke5 Re2+ 65. Kd6 b4 66.
Rb8 Ra2 67. Rb5 b3 68. Nc5 b2 69. a6 Rf6+ 0-1

[Event "BL 8990 Bamberg-Hofheim"]
[Site "?"]
[Date "1990.??.??"]
[Round "?.1"]
[White "Zude, A."]
[Black "Unzicker, W."]
[Result "1/2-1/2"]
[WhiteElo "2325"]
[BlackElo "2475"]
[PlyCount "61"]
[EventDate "1990.??.??"]

1. d4 Nf6 2. c4 e6 3. Nf3 b6 4. g3 Bb7 5. Bg2 Be7 6. Nc3 Ne4 7. Bd2 O-O 8. d5
Nxd2 9. Nxd2 Bb4 10. Qc2 c6 11. O-O cxd5 12. cxd5 Bxc3 13. Qxc3 exd5 14. Rfd1
Na6 15. Nf1 Rc8 16. Qd2 Nc7 17. Ne3 Re8 18. Rac1 h6 19. Bf3 Bc6 20. Ng2 Re5 21.
Nf4 Re8 22. Bg2 Re5 23. e3 Qf8 24. Nd3 Ree8 25. Nb4 Qd6 26. Nxd5 Nxd5 27. Bxd5
Qxd5 28. Qxd5 Bxd5 29. Rxc8 Rxc8 30. Rxd5 Rc7 31. Kf1 1/2-1/2

[Event "BL 8990 Bamberg-Hofheim"]
[Site "?"]
[Date "1990.??.??"]
[Round "?.2"]
[White "Pfleger, He"]
[Black "Buchal, S."]
[Result "1/2-1/2"]
[WhiteElo "2505"]
[BlackElo "2335"]
[PlyCount "59"]
[EventDate "1990.??.??"]

1. c4 g6 2. g3 Bg7 3. Bg2 d6 4. Nc3 Nc6 5. d3 e5 6. e3 Nge7 7. Rb1 a5 8. a3 Be6
9. Nd5 Qd7 10. Ne2 h5 11. b4 axb4 12. axb4 Nd8 13. Nec3 h4 14. Bb2 Nxd5 15.
Nxd5 hxg3 16. hxg3 Rxh1+ 17. Bxh1 Bxd5 18. Bxd5 c6 19. Bg2 Ne6 20. Ra1 Qd8 21.
Ke2 Nc7 22. f4 Kf8 23. Qh1 exf4 24. Bxg7+ Kxg7 25. gxf4 Qf6 26. Rxa8 Qb2+ 27.
Kf3 Nxa8 28. c5 dxc5 29. bxc5 Nc7 30. Qe1 1/2-1/2

[Event "BL 8990 Bamberg-Hofheim"]
[Site "?"]
[Date "1990.??.??"]
[Round "?.3"]
[White "Troltenier, D."]
[Black "Meister, P."]
[Result "1-0"]
[WhiteElo "2300"]
[BlackElo "2425"]
[PlyCount "119"]
[EventDate "1990.??.??"]

1. e4 e6 2. d4 d5 3. Nd2 Nf6 4. e5 Nfd7 5. f4 c5 6. c3 Nc6 7. Ndf3 f5 8. h4
cxd4 9. cxd4 Be7 10. Bd3 Nb6 11. g4 O-O 12. gxf5 exf5 13. Ne2 Bd7 14. Bd2 Nb4
15. Bxb4 Bxb4+ 16. Kf2 Rc8 17. b3 Qe8 18. Rc1 Qh5 19. Rg1 Be7 20. Ke3 Rc6 21.
Qd2 Kh8 22. Qa5 Nc8 23. Rxc6 bxc6 24. Qc7 Qe8 25. Ng5 Bd8 26. Qb8 Bb6 27. b4
Qe7 28. a3 a5 29. Rb1 axb4 30. Rxb4 Ba7 31. Qc7 h6 32. Nf3 Qd8 33. Rb7 Qxc7 34.
Rxc7 Rd8 35. Ba6 Bb6 36. Rxd7 Rxd7 37. Bxc8 Ra7 38. Bxf5 Rxa3+ 39. Bd3 Kg8 40.
f5 Kf7 41. e6+ Ke8 42. Nf4 Bc7 43. Ng6 Bb6 44. Nfe5 c5 45. dxc5 Bxc5+ 46. Ke2
Rb3 47. Bc2 Ra3 48. Bd3 Rb3 49. Kd2 Bd6 50. Kc2 Rb4 51. Kc3 d4+ 52. Kc2 Rb6 53.
Be4 Bxe5 54. Nxe5 Ke7 55. Ng6+ Kd6 56. e7 Rb8 57. Kd3 Kc5 58. Bb7 Re8 59. Ba6
Kd6 60. Kxd4 1-0

[Event "BL 8990 Bamberg-Hofheim"]
[Site "?"]
[Date "1990.??.??"]
[Round "?.4"]
[White "Kurz, A."]
[Black "Schmitzer, K."]
[Result "1-0"]
[WhiteElo "2285"]
[BlackElo "2305"]
[PlyCount "65"]
[EventDate "1990.??.??"]

1. d4 d5 2. c4 e6 3. Nc3 c5 4. cxd5 exd5 5. Nf3 Nc6 6. Bf4 Nf6 7. e3 c4 8. Be2
Bb4 9. O-O O-O 10. Ne5 Qa5 11. Qc2 Be6 12. Nxc6 bxc6 13. Na4 g6 14. a3 Be7 15.
b4 cxb3 16. Qxb3 Ne4 17. Rfc1 Rac8 18. Qd1 c5 19. f3 Bd7 20. Nxc5 Nxc5 21. dxc5
Bxc5 22. Kh1 Be6 23. a4 Bb6 24. h4 Rfd8 25. Bg5 Rxc1 26. Rxc1 Rc8 27. Rxc8+
Bxc8 28. Qa1 Qd2 29. Qf6 Ba5 30. Bh6 Qc3 31. Qe7 Qc1+ 32. Bf1 Qxf1+ 33. Kh2 1-0

[Event "BL 8990 Bamberg-Hofheim"]
[Site "?"]
[Date "1990.??.??"]
[Round "?.5"]
[White "Zude, E."]
[Black "Goehring, K."]
[Result "0-1"]
[WhiteElo "2325"]
[BlackElo "2310"]
[PlyCount "92"]
[EventDate "1990.??.??"]

1. e4 e5 2. Nf3 Nc6 3. Bc4 Bc5 4. c3 Nf6 5. d3 d6 6. O-O Bb6 7. Bb3 h6 8. Re1
O-O 9. h3 Re8 10. Nbd2 a6 11. Nh2 Na5 12. Bc2 Nc6 13. Ndf1 d5 14. Qf3 Be6 15.
Ng3 Bc5 16. Nf5 Bf8 17. g4 Nh7 18. Qg3 f6 19. h4 Qd7 20. Be3 d4 21. cxd4 Nxd4
22. Bxd4 exd4 23. h5 c5 24. Kh1 b5 25. Nf3 Rad8 26. a4 Bd6 27. Qg2 Bf4 28. Red1
Qc7 29. b3 Ng5 30. N3h4 Bf7 31. axb5 axb5 32. Ra6 Ra8 33. Rda1 Rxa6 34. Rxa6
Qb7 35. Ra1 Kf8 36. Qf1 Ra8 37. Qe1 b4 38. Qb1 Ra3 39. Ng2 Bd2 40. Rxa3 bxa3
41. Qa2 Qb4 42. Ngh4 Bc1 43. Nd6 Qe1+ 44. Kg2 Be6 45. Ng6+ Kg8 46. Nf5 Qe2 0-1

[Event "BL 8990 Heidelberg-Bamberg"]
[Site "?"]
[Date "1990.??.??"]
[Round "?.1"]
[White "Unzicker, W."]
[Black "Ostl, A."]
[Result "1-0"]
[WhiteElo "2475"]
[BlackElo "2335"]
[PlyCount "31"]
[EventDate "1990.??.??"]

1. e4 c5 2. Nf3 Nc6 3. d4 cxd4 4. Nxd4 Nf6 5. Nc3 d6 6. Bg5 e6 7. Qd2 Be7 8.
O-O-O O-O 9. f4 a6 10. e5 dxe5 11. Nxc6 bxc6 12. fxe5 Nd7 13. h4 Rb8 14. Qe3 h6
15. Bxh6 Rxb2 16. Qg3 1-0

[Event "BL 8990 Heidelberg-Bamberg"]
[Site "?"]
[Date "1990.??.??"]
[Round "?.2"]
[White "Mack, P."]
[Black "Pfleger, He"]
[Result "0-1"]
[WhiteElo "2305"]
[BlackElo "2505"]
[PlyCount "52"]
[EventDate "1990.??.??"]

1. Nf3 Nf6 2. g3 d5 3. Bg2 e6 4. O-O Be7 5. d4 O-O 6. c4 c6 7. Nc3 Nbd7 8. cxd5
exd5 9. Qb3 Bd6 10. Nd2 Nb6 11. e4 dxe4 12. Ndxe4 Nxe4 13. Nxe4 Be6 14. Qc2 Qd7
15. Nc5 Bxc5 16. dxc5 Nd5 17. b3 Bh3 18. Bb2 Rfe8 19. Bxh3 Qxh3 20. Rfe1 Qg4
21. Qd2 f6 22. Kg2 Kf7 23. a3 Rad8 24. Rxe8 Rxe8 25. Re1 Nf4+ 26. Kg1 Ne2+ 0-1

[Event "BL 8990 Heidelberg-Bamberg"]
[Site "?"]
[Date "1990.??.??"]
[Round "?.3"]
[White "Meister, P."]
[Black "Steinbacher, M."]
[Result "1/2-1/2"]
[WhiteElo "2425"]
[BlackElo "2325"]
[PlyCount "140"]
[EventDate "1990.??.??"]

1. d4 d6 2. c4 g6 3. Nc3 Bg7 4. e4 Nf6 5. f3 O-O 6. Be3 c5 7. Nge2 Nc6 8. d5
Ne5 9. Ng3 e6 10. Be2 exd5 11. cxd5 a6 12. O-O Rb8 13. h3 b5 14. f4 Bh6 15. Qc1
Nc4 16. Bxc4 bxc4 17. e5 Ne8 18. f5 Bxe3+ 19. Qxe3 dxe5 20. fxg6 hxg6 21. Qxe5
Rb6 22. Rad1 f5 23. Rf2 Qd6 24. Re1 Nf6 25. Qxd6 Rxd6 26. Rf4 Nxd5 27. Rxc4 Bb7
28. Rxc5 Nf4 29. Rc7 Ba8 30. Ree7 Ne6 31. Rcd7 Rxd7 32. Rxd7 Nf4 33. Nge2 Nxg2
34. Ra7 Ne1 35. Rxa6 g5 36. Kf2 Nd3+ 37. Ke3 Nxb2 38. Rg6+ Kh7 39. Rxg5 f4+ 40.
Nxf4 Nc4+ 41. Kd3 Rxf4 42. Nd5 Nb2+ 43. Ke3 Ra4 44. Nf6+ Kh6 45. Rg8 Nc4+ 46.
Kd4 Bf3 47. Rg3 Nd2+ 48. Kd3 Nc4 49. Kd4 Nd6+ 50. Ke5 Nf7+ 51. Kf5 Ra5+ 52. Kf4
Bb7 53. Ng8+ Kh7 54. Nf6+ Kh6 55. Ng8+ Kh5 56. Rg7 Bd5 57. Nf6+ Kh6 58. Rg4 Nd6
59. Nxd5 Rxd5 60. a4 Rd3 61. Ke5 Nf7+ 62. Kf6 Rf3+ 63. Ke7 Ne5 64. Re4 Ng6+ 65.
Kd6 Kg5 66. a5 Ra3 67. Rc4 Kf6 68. Rc5 Rxh3 69. a6 Ra3 70. Kc7 Rxa6 1/2-1/2

[Event "BL 8990 Heidelberg-Bamberg"]
[Site "?"]
[Date "1990.??.??"]
[Round "?.4"]
[White "Neurohr, S."]
[Black "Kurz, A."]
[Result "1-0"]
[WhiteElo "2325"]
[BlackElo "2285"]
[PlyCount "73"]
[EventDate "1990.??.??"]

1. d4 Nf6 2. c4 g6 3. Nc3 Bg7 4. e4 d6 5. f4 O-O 6. Nf3 c5 7. d5 e6 8. Be2 exd5
9. cxd5 Re8 10. e5 dxe5 11. fxe5 Ng4 12. Bg5 Qb6 13. O-O Nxe5 14. d6 Nxf3+ 15.
Bxf3 c4+ 16. Kh1 Qxb2 17. Nd5 Qxa1 18. Qxa1 Bxa1 19. Rxa1 Nd7 20. Be7 Rb8 21.
Re1 Kg7 22. Nc7 Rg8 23. Bg5 b5 24. Ne8+ Rxe8 25. Rxe8 b4 26. Bd5 b3 27. axb3
cxb3 28. Re7 Rb5 29. Rxf7+ Kg8 30. Rf5+ Kg7 31. Rf7+ Kg8 32. Bc4 Rb4 33. Be6
Nc5 34. Bd5 Rd4 35. d7 Bxd7 36. Rxd7+ Kf8 37. Rd8+ 1-0

[Event "BL 8990 Heidelberg-Bamberg"]
[Site "?"]
[Date "1990.??.??"]
[Round "?.5"]
[White "Goehring, K."]
[Black "Grathwohl, R."]
[Result "1-0"]
[WhiteElo "2310"]
[BlackElo "2360"]
[PlyCount "121"]
[EventDate "1990.??.??"]

1. d4 e6 2. c4 Nf6 3. Nc3 Bb4 4. e3 b6 5. Nge2 Ba6 6. a3 Bxc3+ 7. Nxc3 d5 8. b3
O-O 9. Be2 Nc6 10. a4 Na5 11. Nb5 c6 12. Na3 Ne4 13. Bb2 Qe7 14. O-O Qb4 15.
cxd5 Bxe2 16. Qxe2 exd5 17. Rfd1 Nxb3 18. Rab1 Na5 19. f3 Nf6 20. e4 dxe4 21.
fxe4 Rfe8 22. e5 Nd5 23. Qf3 Rad8 24. Rd3 Re6 25. Rf1 Rd7 26. Qf2 Qe7 27. Rf3
Rg6 28. Rf5 h6 29. h3 Qe6 30. Kh1 a6 31. Qe1 Rg5 32. R5f3 Qg6 33. R1f2 Qe6 34.
Kh2 Rg6 35. Rf5 Qe7 36. R5f3 Qb4 37. Qf1 b5 38. axb5 axb5 39. h4 Qe7 40. g3 Qe6
41. Qe1 Nb7 42. Nc2 Nd8 43. Rf5 Ne7 44. R5f3 Nd5 45. Rf5 Ra7 46. Ba3 Ra4 47.
Bc5 Ra2 48. R5f3 Qg4 49. Qb1 Ra4 50. Qb3 Rc4 51. Ne3 Nxe3 52. Qxe3 b4 53. Qb3
Qe6 54. Bb6 Rc3 55. Rxc3 bxc3 56. Qxc3 Qd5 57. Qf3 Qxf3 58. Rxf3 Ne6 59. Rc3
Nf8 60. Kg2 Re6 61. Bc5 1-0